PC Intern System Programming (Record no. 293739)

MARC details
000 -LEADER
fixed length control field 00425nam a2200157Ia 4500
008 - FIXED-LENGTH DATA ELEMENTS--GENERAL INFORMATION
fixed length control field 230718s9999 xx 000 0 und d
041 ## - LANGUAGE CODE
Language code of text/sound track or separate title eng
082 ## - DEWEY DECIMAL CLASSIFICATION NUMBER
Classification number 005.2682
Item number TIS
100 ## - MAIN ENTRY--PERSONAL NAME
Personal name Tischer M.
245 ## - TITLE STATEMENT
Title PC Intern System Programming
Remainder of title The Encyclopedia DOS Programming Know How
260 ## - PUBLICATION, DISTRIBUTION, ETC. (IMPRINT)
Date of publication, distribution, etc. 1992
Name of publisher, distributor, etc. Abacus
300 ## - PHYSICAL DESCRIPTION
Extent 1356
365 ## - TRADE PRICE
Currency code Rs.
Price amount 1440.00
700 ## - ADDED ENTRY--PERSONAL NAME
Personal name Tischer M.
906 ## - LOCAL DATA ELEMENT F, LDF (RLIN)
d B:94722-Apr-1995
c COMP
b 216
Holdings
Withdrawn status Lost status Damaged status Not for loan Home library Current library Date acquired Vendor Budget Code Cost, normal purchase price Bill number Total Checkouts Full call number Barcode Date last seen Discount Cost, replacement price Bill Date Koha item type Original Barcode
        Cummins College of Engineering for Women Pune Cummins College of Engineering for Women Pune 08/05/1995 Pradeep Book Distributors COMP 1224.00 947   005.2682 CCEP-BK-4844 18/07/2023 216 1440.00 22/04/1995 Books 004844